[Event "Metz op-B 28th"]
[Site "Metz"]
[Date "2010.04.11"]
[Round "2"]
[White "Mercier, Laurent"]
[Black "Menard, Daniel"]
[Result "1-0"]
[WhiteElo "1886"]
[BlackElo "1750"]
[PlyCount "55"]
[EventDate "2010.04.10"]
[EventType "swiss"]
[EventRounds "9"]
[EventCountry "FRA"]
[SourceTitle "CBM 136 Extra"]
[Source "ChessBase"]
[SourceDate "2010.07.02"]
[SourceVersion "2"]
[SourceVersionDate "2010.07.15"]
[SourceQuality "1"]

1. d4 e6 2. e4 d5 3. Nc3 c5 4. exd5 exd5 5. Nf3 Nc6 6. Bb5 Nf6 7. Bg5 Be6 8. 0-0 Be7 9. dxc5 0-0 10. Bxc6 bxc6 11. b4 h6 12. Bh4 Qb8 13. Qd4 a5 14. a3 axb4 15. axb4 Qc7 16. Na4 Ne4 17. Bxe7 Qxe7 18. Nb6 Rxa1 19. Rxa1 Re8 20. Ne5 Qg5 21. Nxc6 Bh3 22. g3 Qf5 23. Qe3 Qf6 24. Nd4 Nd6 25. Nxd5 Qd8 26. Nc6 Qd7 27. Nde7+ Kh8 28. cxd6 1-0